000
00334nam a22001457a 4500
008
210511b ||||| |||| 00| 0 eng d
020
_a
9781418072520
041
_a
eng
080
_2
6th
_a
61
082
_a
61
100
_a
4
101
_a
SHM
245
_a
Medical Terminology for Health Professions
_c
Ehrlich,A
942
_2
udc
_c
BK
999
_c
57178
_d
57178